000 00614nam a2200229 i 4500
001 C2-0315025
003 PPAK
005 20180728110729.0
008 120424s2011 nyu |||| ||||| | eng d
020 _a9781609530402
040 _aPPAK
_beng
_cPPAK
_erda
082 0 4 _a813.6
_223
090 0 0 _a813.6
_bSCH
_dLCK
100 1 _aSchaffert, Timotny,
_eauthor
245 1 4 _aThe coffins of Little Hope:
_ba novel
264 1 _aNew York :
_bUnbridled ,
_c2011
300 _a362 pages ;
_c24 cm
336 _2rdacontent
_atext
337 _2rdamedia
_aunmediated
338 _2rdacarrier
_avolume
942 _ddc
_cB
999 _c116309
_d116309